000 00587nam a2200205 a 4500
001 15584
003 CO-ViMGA
008 141112s2004 ck r 000 u spa d
020 _a9586832783
040 _aCO-ViMGA
_bspa
_cCO-ViMGA
082 0 4 _a323.042 A483g
100 1 _aAgudelo Sedano, Ricardo
_922537
245 1 0 _aGestión interna de las organizaciones comunitarias
260 _aBogotá,
_cCeja,
_c2000
300 _a36.p.
650 1 4 _aDESARROLLO DE LA COMUNIDAD
_93358
650 1 4 _aPARTICIPACION COMUNITARIA
_922538
650 1 4 _aPARTICIPACION SOCIAL
_922539
942 _2ddc
_cBK
999 _c25800
_d25800